000 00349nam a2200157Ia 4500
100 _aSpurk/Joseph H
650 _aMechanics
942 _cBK
366 _f20
245 _aFluid mechanics:Problems and solutions
260 _bSpringer International
_c1997
082 _a532
_bSPU
300 _a601
546 _aENGLISH
_cInfo.Tech
999 _c32418
_d32418